The scientific way of warfare : (Record no. 15279)

000 -LEADER
fixed length control field 02065cam a2200409 a 4500
001 - CONTROL NUMBER
control field 15513802
005 - DATE AND TIME OF LATEST TRANSACTION
control field 20170105102914.0
008 - FIXED-LENGTH DATA ELEMENTS--GENERAL INFORMATION
fixed length control field 081106s2009 nyua b 001 0 eng
010 ## - LIBRARY OF CONGRESS CONTROL NUMBER
LC control number 2008048758
020 ## - INTERNATIONAL STANDARD BOOK NUMBER
International Standard Book Number 9780231700788 (cloth : alk. paper)
020 ## - INTERNATIONAL STANDARD BOOK NUMBER
International Standard Book Number 0231700784 (cloth : alk. paper)
035 ## - SYSTEM CONTROL NUMBER
System control number (OCoLC)ocn232131407
040 ## - CATALOGING SOURCE
Original cataloging agency DLC
Transcribing agency DLC
Modifying agency BTCTA
-- BAKER
-- YDXCP
-- C#P
-- CDX
-- BWX
-- QMC
-- DLC
050 00 - LIBRARY OF CONGRESS CALL NUMBER
Classification number U39
Item number .B68 2009
082 00 - DEWEY DECIMAL CLASSIFICATION NUMBER
Classification number 355.02.01/1
Edition number 22
100 1# - MAIN ENTRY--PERSONAL NAME
Personal name Bousquet, Antoine J.
245 14 - TITLE STATEMENT
Title The scientific way of warfare :
Remainder of title order and chaos on the battlefields of modernity /
Statement of responsibility, etc. Antoine Bousquet.
260 ## - PUBLICATION, DISTRIBUTION, ETC.
Place of publication, distribution, etc. New York :
Name of publisher, distributor, etc. Columbia University Press,
Date of publication, distribution, etc. c2009.
300 ## - PHYSICAL DESCRIPTION
Extent ix, 265 p. :
Other physical details ill. ;
Dimensions 23 cm.
490 1# - SERIES STATEMENT
Series statement Critical war studies ;
Volume/sequential designation [v. 1]
500 ## - GENERAL NOTE
General note Series numbering from jacket.
500 ## - GENERAL NOTE
General note First published in the United Kingdom by Hurst Publishers, London, c2009.
504 ## - BIBLIOGRAPHY, ETC. NOTE
Bibliography, etc. note Includes bibliographical references (p. 245-258) and index.
505 0# - FORMATTED CONTENTS NOTE
Formatted contents note Technoscientific regimes of order in warfare -- Mechanistic warfare and the clockwork universe -- Thermodynamic warfare and the science of energy -- Cybernetics and the genesis of the computer -- Cybernetic warfare: Computers at war -- A new informational regime: From chaos theory to complexity science -- Towards chaoplexic warfare? Network-centric warfare and the non-linear science -- Conclusions.
650 #0 - SUBJECT ADDED ENTRY--TOPICAL TERM
Topical term or geographic name entry element Military art and science
General subdivision Technological innovations
-- History.
650 #0 - SUBJECT ADDED ENTRY--TOPICAL TERM
Topical term or geographic name entry element Military art and science
General subdivision Methodology
-- History.
650 #0 - SUBJECT ADDED ENTRY--TOPICAL TERM
Topical term or geographic name entry element Science
General subdivision Military aspects
-- History.
650 #0 - SUBJECT ADDED ENTRY--TOPICAL TERM
Topical term or geographic name entry element Technology
General subdivision Military aspects
-- History.
650 #0 - SUBJECT ADDED ENTRY--TOPICAL TERM
Topical term or geographic name entry element Military art and science
General subdivision Philosophy.
650 #0 - SUBJECT ADDED ENTRY--TOPICAL TERM
Topical term or geographic name entry element Military history, Modern.
650 #0 - SUBJECT ADDED ENTRY--TOPICAL TERM
Topical term or geographic name entry element Military policy
General subdivision History.
650 #0 - SUBJECT ADDED ENTRY--TOPICAL TERM
Topical term or geographic name entry element Military research
General subdivision History.
830 #0 - SERIES ADDED ENTRY--UNIFORM TITLE
Uniform title Critical war studies ;
Volume/sequential designation v. 1.
906 ## - LOCAL DATA ELEMENT F, LDF (RLIN)
a 7
b cbc
c orignew
d 1
e ecip
f 20
g y-gencatlg
942 ## - ADDED ENTRY ELEMENTS (KOHA)
Source of classification or shelving scheme
Koha item type Book
Holdings
Withdrawn status Lost status Damaged status Not for loan Collection code Permanent Location Current Location Shelving location Date acquired Total Checkouts Full call number Barcode Date last seen Price effective from Koha item type
          Centre for International Peace & Stability (CIPS) Centre for International Peace & Stability (CIPS) General Stacks 09/30/2013   355.02011 BOU 2009 CIPS0001616 11/25/2013 01/05/2017 Book
© 2023 Central Library, National University of Sciences and Technology. All Rights Reserved.